书目信息 |
| 题名: |
语法
|
|
| 作者: | 帕默 , Palmer 著 ;赵世开 译 | |
| 分册: | ||
| 出版信息: | 上海 上海译文出版社 1982 |
|
| 页数: | 215页 | |
| 开本: | 19cm | |
| 丛书名: | ||
| 单 册: | ||
| 中图分类: | H04 | |
| 科图分类: | ||
| 主题词: | 语法学 | |
| 电子资源: | ||
| ISBN: | ||
| 000 | 00671nam0 2200253 45 | |
| 001 | 0182002119 | |
| 005 | 20070718113809.65 | |
| 010 | @dCNY0.56 | |
| 091 | @a9188.136 | |
| 100 | @a19950512d1982 em y0chiy0121 ea | |
| 101 | 2 | @achi@ceng |
| 102 | @aCN@b310000 | |
| 105 | @ay z 000yy | |
| 200 | 10 | @a语法@Ayu fa@f(英)帕默(F. Palmer)@g赵世开译 |
| 210 | @a上海@c上海译文出版社@d1982 | |
| 215 | @a215页@d19cm | |
| 606 | 0 | @a语法学 |
| 690 | @aH04 | |
| 701 | 1 | @a帕默@Apa mo@bF.@4著 |
| 701 | A1 | @aPalmer@bF.@4著 |
| 702 | 0 | @a赵世开@Azhao shi kai@4译 |
| 801 | 0 | @aCN@b上海图书馆@c20070718 |
| 801 | 2 | @aCN@bNLC@c20060802 |
| 905 | @f4@b79234-237@dH04@e6@b134674-677@f4 | |
| 语法/(英)帕默(F. Palmer)/赵世开译.-上海:上海译文出版社,1982 |
| 215页;19cm |
| ISBN :CNY0.56 |
| ● |
| 相关链接 |
|
|
|
|
正题名:语法
索取号:H04/6
 
预约/预借
| 序号 | 登录号 | 条形码 | 馆藏地/架位号 | 状态 | 备注 |
| 1 | 0079234 | 000820151 | 第四借阅区/ [索取号:H04/6] | 在馆 | |
| 2 | 0079235 | 000820179 | 第四借阅区/ [索取号:H04/6] | 在馆 | |
| 3 | 0079236 | 000820160 | 第四借阅区/ [索取号:H04/6] | 在馆 | |
| 4 | 0079237 | 000820197 | 第四借阅区/ [索取号:H04/6] | 在馆 | |
| 5 | 0134674 | 000820516 | 第四借阅区/ [索取号:H04/6] | 在馆 | |
| 6 | 0134675 | 000820507 | 第四借阅区/ [索取号:H04/6] | 在馆 | |
| 7 | 0134676 | 000820491 | 第四借阅区/ [索取号:H04/6] | 在馆 | |
| 8 | 0134677 | 000820525 | 第四借阅区/ [索取号:H04/6] | 在馆 | |
| 9 | 0134678 | 000820534 | 第二样本阅览室/ [索取号:H04/6] | 在馆 | |
| 10 | 0444260 | 204442601 | 密集书库/ [索取号:H04/6] | 在馆 | |
| 11 | 0466853 | 204668537 | 密集书库/ [索取号:H04/6] | 在馆 | |
| 12 | 0767299 | 207672990 | 密集书库/ [索取号:H04/6] | 在馆 |